Les grands événements de 2011 - Statistiques

Statistiques générales
  • Ce quiz a été pris 8 fois
  • Le résultat moyen est 5 sur 15
Statistiques - réponses
Hint Extra Hint Réponse % Correct
Attentats à Oslo Norvège 22 juillet
75%
Tsunami au Japon Japon 11 mars
63%
L'Estonie adopte l'Euro Estonie 1er janvier
63%
Ouverture de la coupe du monde de rugby Nouvelle-Zélande 9 septembre
63%
Arrestation de Dominique Strauss-Kahn Etats-Unis / France 14 mai
38%
Mariage du prince William et de Catherine Middleton Royaume-Uni 29 avril
38%
Mort de Mouammar Kadhafi Libye 20 octobre
25%
Mayotte devient un département France 31 mars
25%
Tempête Joachim France / Royaume-Uni 15 décembre
13%
Mort d'Elisabeth Taylor Etats-Unis 23 mars
13%
Mort d'Oussama ben Laden Pakistan 2 mai
13%
Fin de la télévision analogique en France France 30 novembre
13%
Lancement de la dernière navette spatiale Etats-Unis 8 juillet
13%
Lancement d'un mandat d'arrêt contre Kadhafi pour crime contre l'humanité Libye 27 juin
0%
Mariage d'Albert de Monaco et Charlene Wittstock Monaco 2 juillet
0%
Aucun quiz correspondant
Distribution des résultats
% des personnes avec chaque résultat
Percentile par nombre de réponses
Votre historique - résultats
Vous n’avez pas pris ce quiz